Visualizzazione normale
Vista MARC
- Daverio G., Prandini R., Tarroni N., Ventura D., Martignani L., Consoli E.,
di Personal Name
Records bibliografici associati: 1
001 - CONTROL NUMBER
- control field: 63308
003 - CONTROL NUMBER IDENTIFIER
- control field:
005 - DATE AND TIME OF LATEST TRANSACTION
- control field: 20260202115529.0
008 - FIXED-LENGTH DATA ELEMENTS
- fixed length control field: 260202|| aca||aabn | a|a d
040 ## - CATALOGING SOURCE
- Original cataloging agency:
- Transcribing agency:
100 ## - HEADING--PERSONAL NAME
- Personal name: Daverio G., Prandini R., Tarroni N., Ventura D., Martignani L., Consoli E.,
- Personal name: Carrà Mittini E., Bordoni S
670 ## - SOURCE DATA FOUND
- Source citation: Work cat.: ()210932: Donati Pierpaolo, Prandini Riccardo (a cura di) 60604, Buone pratiche e servizi innovativi per la famiglia, 2006